Municipios fronterizos (Gipuzkoa) - Estadísticas

Estadísticas generales
  • Esta prueba ha sido intentada 33 veces
  • La puntuación promedio es 17 de 24
Estadísticas de respuestas
Provincia fronteriza Respuesta % Correcto
Bizkaia Eibar
100%
Pirineos Atlánticos (Francia) /Nafarroa-Navarra Irun
100%
Bizkaia Elgoibar
97%
Pirineos Atlánticos (Francia) Hondarribia
94%
Bizkaia Mutriku
94%
Araba-Álava / Bizkaia Arrasate
87%
Bizkaia Bergara
87%
Araba-Álava Oñati
87%
Araba-Álava Aretxabaleta
84%
Bizkaia Elgeta
77%
Araba-Álava Eskoriatza
77%
Nafarroa-Navarra Oiartzun
77%
Bizkaia Mendaro
74%
Nafarroa-Navarra Berastegi
71%
Nafarroa-Navarra Ataun
68%
Araba-Álava Leintz-Gatzaga
65%
Nafarroa-Navarra Hernani
58%
Nafarroa-Navarra Orexa
58%
Nafarroa-Navarra Orereta
55%
Nafarroa-Navarra Tolosa
55%
Nafarroa-Navarra Gaztelu
42%
Nafarroa-Navarra Lizartza
42%
Nafarroa-Navarra Elduain
39%
Nafarroa-Navarra Donostia
35%
No se encontraron pruebas coincidentes
Distribución de puntuación
Porcentaje de gente con cada puntuación
Porcentaje por número respondido
Historial de tus puntuaciones
No has intentado esta prueba.